000 00338nam a2200145Ia 4500
008 090124s9999 xx 000 0 und d
082 _b304552
245 _a पालखी
250 _a1
260 _bलिमये उषा
_c2001
300 _a80
630 _a पालखी
730 _a पालखी
942 _cBOOK
999 _c194481
_d194481